000 03095cam a2200349 i 4500
999 _c95157
_d95157
003 BJBSDDR
005 20230410142416.0
007 ta
008 150608s2015 nyuag b 001 0 eng
020 _a9780393076448
040 _aDLC
_beng
_cDLC
041 _aspa
042 _apcc
050 0 0 _aML 410
_bL817b 2015
082 0 0 _a784.2
_223
100 1 _aLockwood, Lewis,
_eauthor.
245 1 0 _aBeethoven's symphonies :
_ban artistic vision /
_cLewis Lockwood.
250 _aFirst edition.
260 1 _aNew York :
_bW. W. Norton & Company,
_c[2015]
300 _axvi, 285 p. :
_bill., music ;
_c25 cm
336 _atext
_btxt
_2rdacontent
337 _aunmediated
_bn
_2rdamedia
338 _avolume
_bnc
_2rdacarrier
504 _aIncludes bibliographical references (pages 262-271) and index.
505 0 _aIntroduction: "The triumph of this art" -- The First Symphony -- The Second Symphony -- The Eroica Symphony -- The Fourth Symphony -- The Fifth Symphony -- The "Pastoral" Symphony -- The Seventh Symphony -- The Eighth Symphony -- The Ninth Symphony -- Epilogue -- Appendix : Symphonic concept sketches and movement-plan.
520 _aMore than any other composer, Beethoven left to posterity a vast body of material that documents the early stages of almost everything he wrote. From this trove of sketchbooks, Lewis Lockwood draws us into the composer's mind, unveiling a creative process of astonishing scope and originality. For musicians and nonmusicians alike, Beethoven's symphonies stand at the summit of artistic achievement, loved today as they were two hundred years ago for their emotional cogency, variety, and unprecedented individuality. Beethoven labored to complete nine of them over his lifetime--a quarter of Mozart's output and a tenth of Haydn's--yet no musical works are more iconic, more indelibly stamped on the memory of anyone who has heard them. They are the products of an imagination that drove the composer to build out of the highest musical traditions of the past something startlingly new. Lockwood brings to bear a long career of studying the surviving sources that yield insight into Beethoven's creative work, including concept sketches for symphonies that were never finished. From these, Lockwood offers fascinating revelations into the historical and biographical circumstances in which the symphonies were composed. In this compelling story of Beethoven's singular ambition, Lockwood introduces readers to the symphonies as individual artworks, broadly tracing their genesis against the backdrop of political upheavals, concert life, and their relationship to his major works in other genres. From the first symphonies, written during his emerging deafness, to the monumental Ninth, Lockwood brings to life Beethoven's lifelong passion to compose works of unsurpassed beauty [Publisher description]
600 1 0 _aBeethoven, Ludwig van,
_d1770-1827.
_tSymphonies.
650 0 _aSymphony
_y19th century.
906 _a7
_bcbc
_corignew
_d1
_eecip
_f20
_gy-gencatlg
942 _2lcc
_cBK